Online
Catalog

Fecundidad en la América Latina : (Record no. 18346)

MARC details
000 -CABECERA
campo de control de longitud fija 00984nam a2200241 a 4500
001 - NÚMERO DE CONTROL
campo de control 000018826
005 - FECHA Y HORA DE LA ÚLTIMA TRANSACCIÓN
campo de control 20200929165850.0
008 - DATOS DE LONGITUD FIJA--INFORMACIÓN GENERAL
campo de control de longitud fija 100519s1970 mx a 000 0 spa d
040 ## - FUENTE DE LA CATALOGACIÓN
Centro catalogador/agencia de origen DO-SdBNP
Lengua de catalogación spa
Centro/agencia transcriptor BNPHU
082 ## - NÚMERO DE LA CLASIFICACIÓN DECIMAL DEWEY
Número de clasificación 301.3298
Número de documento/Ítem S938f, 1970
049 ## - FONDOS LOCALES (OCLC)
Fondos de biblioteca BNGR
100 1# - ENTRADA PRINCIPAL--NOMBRE DE PERSONA
Nombre de persona Stycos, J. Mayone,
9 (RLIN) 40584
240 10 - TÍTULO UNIFORME
Título uniforme Human fertility in latin america.
Lenguaje de la obra Español.
245 10 - MENCIÓN DE TÍTULO
Título Fecundidad en la América Latina :
Resto del título perspectivas sociológicas /
Mención de responsabilidad, etc. J. Mayone Stycos ; introducción de Álvaro García Peña.
250 ## - MENCIÓN DE EDICIÓN
Mención de edición 2 ed. amp. y rev.
260 ## - PUBLICACIÓN, DISTRIBUCIÓN, ETC.
Lugar de publicación, distribución, etc. México :
Nombre del editor, distribuidor, etc. Pax-méxico, Libreria Carlos Cesarman,
Fecha de publicación, distribución, etc. 1970.
300 ## - DESCRIPCIÓN FÍSICA
Extensión 328 p. :
Otras características físicas il. ;
Dimensiones 21 cm.
534 ## - NOTA SOBRE LA VERSIÓN ORIGINAL
Frase introductoria Título original en inglés:
Mención de título del original Human fertility in latin america.
Publicación, distribución, etc. del original Cornell University, 1968
500 ## - NOTA GENERAL
Nota general Edición dedicada a la memoria de Hermán Mendoza Hoyos.
651 #4 - PUNTO DE ACCESO ADICIONAL DE MATERIA--NOMBRE GEOGRÁFICO
Nombre geográfico América Latina
Subdivisión general Población
9 (RLIN) 32453
650 #4 - PUNTO DE ACCESO ADICIONAL DE MATERIA--TÉRMINO DE MATERIA
Término de materia o nombre geográfico como elemento de entrada Control natal
Subdivisión geográfica América Latina
9 (RLIN) 33592
700 1# - PUNTO DE ACCESO ADICIONAL--NOMBRE DE PERSONA
Nombre de persona García Peña, Álvaro,
Término indicativo de función/relación intr.
9 (RLIN) 33594
Holdings
Estado de retiro Estado de pérdida Restricciones de uso No para préstamo Código de colección Localización permanente Ubicación/localización actual Ubicación en estantería Fecha de adquisición Número de inventario Total de préstamos Signatura topográfica completa Código de barras Fecha visto por última vez Precio válido a partir de Tipo de ítem Koha Nota pública Número de copia
    Préstamo interno   Monografías: Libros y Folletos General General Depósito 19.05.2010 LF1   301.3298 S938f, 1970 18826-10 25.06.2020 25.06.2020 Préstamo interno Perteneció a la biblioteca personal de Germán Emilio Ornes.  
    Préstamo interno Préstamo restrigido Monografías: Libros y Folletos General General Depósito 26.01.2011 LF1   301.3298 S938f, 1970 18826-20 25.06.2020 25.06.2020 Préstamo interno   e. 2
    Préstamo interno   Monografías: Libros y Folletos General General Depósito 04.02.2011 LF1   301.3298 S938f, 1970 18826-30 25.06.2020 25.06.2020 Préstamo interno   e. 3
        Monografías: Libros y Folletos Patrimonio Dominicano Patrimonio Dominicano Orden iniciada 15.08.2013 LF1   301.3298 S938f, 1970 18826-40 25.06.2020 25.06.2020 No se presta    

Powered by Koha